| 000 | 00655nam a2200217Ia 4500 | ||
|---|---|---|---|
| 003 | GCL | ||
| 008 | 140319s9999 xx 000 0 ara d | ||
| 040 |
_aGCL / _cGCL |
||
| 082 | 0 | 4 |
_a675.2 _bس ت |
| 100 | 1 | _aسامى رزق بشاى | |
| 245 | 1 | 0 |
_aتكنولوجيا الجلود / _cسامى رزق بشاى |
| 700 | 1 | _aمراد جورجى بغدادى | |
| 700 | 1 | _aموسى ابراهيم سليمان | |
| 260 |
_a[S.N] : _bالدار الهندسية للطباعة والنشر |
||
| 300 | _a331 ص | ||
| 490 | _a | ||
| 650 | 0 | 4 | _aالجلود |
| 650 | 0 | 4 | _aالدباغة |
| 650 | 0 | 4 | _aالصناعات الجلدية |
| 942 |
_2ddc _cBK |
||
| 999 |
_c55599 _d55599 |
||